Statistics for Guess The Album By The Cover #1

Click here to take the quiz!

General Stats

  • This quiz has been taken 80 times
  • The average score is 4 of 7

Answer Stats

Answer% Correct
The Wall
74%
Led Zeppelin I
62%
My Beautiful Dark Twisted Fantasy
60%
Ok Computer
55%
After Hours
53%
Demon Days
38%
Make It Big
13%

Score Distribution

Percentile by Number Answered

Percent of People with Each Score

Your Score History

You have not taken this quiz